000 00698nam a22002177a 4500
003 koha_MIRAKIL
005 20260225103648.0
008 260225b tur||||| |||| 00| 0 tur d
020 _a9786052980828
040 _aTR-IsEVY
_btur
_cTR-IsEVY
082 _aFIC ÇAK/A
100 _aÇakman, Koray Avcı
245 0 _aAdvin Amazon'da /
_cKoray Avcı Çakman; resimleyen Yusuf Tansu Özel.
250 _a2. bs.
260 _aİstanbul :
_bKırmızı Kedi Çocuk ,
_c2019.
300 _a111 s. :
_brenkli resimli ;
_c19 cm.
490 0 _aİlginç Ülkeler Dizisi ; 3. kitap.
650 _aÇocuk edebiyatı.
_vÇocuk hikayeleri.
700 1 _aÖzel, Yusuf Tansu.
_cresimleyen.
942 _2ddc
_cBK
999 _c23362
_d23362